000 00781nam a2200253Ia 4500
003 OSt
005 20220923222956.0
006 a|||||r|||| 00| 0
007 ta
008 220922b |||||||| |||| 00| 0 hin d
024 _a209,415
037 _cTextual
040 _aARTS
_cARTS
_bhin
041 _2hin
_ahin
082 _aO152,3NAG1x, M4
100 _aअग्रवाल, मीना
_9156275
245 0 _aउस पार
246 _aUs pāra
260 _aनई दिल्ली
_b अभिव्यंजना प्रका0
_c1984
300 _a143पृ.
_ccm.
650 _aहिन्दी साहित्य
_9156264
942 _hO152,3NAG1x, M4
_cTEXL
_2CC
999 _c359988
_d359988